| 000 | 01081cam a22002651i 4500 | ||
|---|---|---|---|
| 003 | SA-RiAUC | ||
| 005 | 20250125143509.0 | ||
| 008 | 250125s1975 le g 00000 ara c | ||
| 040 |
_aSA-RiAUC _bara _cSA-RiAUC _erda |
||
| 082 | 0 | 4 |
_a253 _qSA-RiAUC |
| 090 |
_a253 _b ز ي د |
||
| 100 | 1 |
_aزيدان، عبد الكريم، _d1917-2014 _eمؤلف. |
|
| 245 | 1 | 2 |
_aالكفالة والحوالة في الفقه المقارن مع مقدمة في الخلاف وأسبابه / _cعبد الكريم زيدان. |
| 264 | 1 |
_aبيروت : _bالمكتب الإسلامي، _c1975 |
|
| 300 |
_a260 صفحة ؛ _c24 سم |
||
| 336 |
_aنص _btxt _2rdacontent _3كتاب |
||
| 337 |
_aبدون وسيط _bn _2rdamedia |
||
| 338 |
_aمجلد _bnc _2rdacarrier |
||
| 650 | 7 |
_aالمعاملات (فقه إسلامي) _2aucsh |
|
| 650 | 7 |
_aالتوكيل (فقه إسلامي) _2aucsh |
|
| 650 | 7 |
_aالكفالة (فقه إسلامي) _2aucsh |
|
| 650 | 7 |
_aحوالة الدين (فقه إسلامي) _2aucsh |
|
| 942 |
_2ddc _cBOOK _n0 |
||
| 949 |
_aSA-JeALM _d250125 _umohamedma123 _n1 |
||
| 999 |
_c5203 _d5203 |
||